Civil society and the Zuma government (Record no. 218856)
[ view plain ]
| 000 -LEADER | |
|---|---|
| fixed length control field | 01244nam a2200313Ia 4500 |
| 245 00 - TITLE STATEMENT | |
| Title | Civil society and the Zuma government |
| 260 ## - PUBLICATION, DISTRIBUTION, ETC. (IMPRINT) | |
| Place of publication | [Cape Town, South Africa] : |
| Name of publisher | Idasa, |
| Year of publication | 2009. |
| 300 ## - PHYSICAL DESCRIPTION | |
| Number of Pages | 39 p. |
| 650 #0 - SUBJECT ADDED ENTRY--TOPICAL TERM | |
| Topical Term | Civil society |
| Topical Term | Participatory democracy |
| 700 1# - ADDED ENTRY--PERSONAL NAME | |
| Personal name | Geyer, Yvette. |
| Personal name | Jenkins, Ivor. |
| 856 40 - ELECTRONIC LOCATION AND ACCESS | |
| Uniform Resource Identifier | http://site.ebrary.com/lib/rucke/Doc?id=10365024 |
No items available.
